000 00592nam a2200169 4500
001 143298
003 ES-MaACL
005 20230906200756.0
007 t|
008 070214s1969 sp r ||||1| spa d
100 1 _aSerra Ruiz, Rafael.
_9105657
245 1 0 _aHonor, honra e injuria en el Derecho medieval español /
_cRafael Serra Ruiz.
260 _aMurcia :
_bUniversidad, Departamento de Historia del Derecho,
_c1969 (
_fNogués)
300 _a306 p. ;
_c25 cm.
710 2 _aUniversidad de Murcia.
_bDepartamento de Historia del Derecho.
_97238
852 _aES-MaACL
_jC-37719
_bR.72437
999 _c143298
_d143298